[Event "Relampago R-023 corr"]
[Site "CXV corr"]
[Date "2001.01.03"]
[Round "?"]
[White "Muehlenbruch Guimaraes, Herley"]
[Black "Benetti Matte, Luciano"]
[Result "1/2-1/2"]
[WhiteElo "1655"]
[BlackElo "1800"]
[PlyCount "45"]
[EventDate "2001.??.??"]
[EventType "tourn (corr)"]
[EventRounds "6"]
[EventCountry "BRA"]
[SourceTitle "Corr 2004"]
[Source "ChessBase"]
[SourceDate "2003.04.28"]
[SourceVersion "3"]
[SourceVersionDate "2003.04.28"]
[SourceQuality "1"]

1. e4 e6 2. d4 d5 3. Nc3 dxe4 4. Nxe4 Nf6 5. Nxf6+ Qxf6 6. Nf3 h6 7. Bd3 Bd6 8. Qe2 Nc6 9. c3 Bd7 10. Nd2 0-0 11. Ne4 Qe7 12. Nxd6 Qxd6 13. 0-0 e5 14. dxe5 Qxe5 15. Be3 Bf5 16. Bxf5 Qxf5 17. Qc4 Rad8 18. Qb3 b6 19. Rad1 Ne5 20. Rxd8 Rxd8 21. Rd1 Rxd1+ 22. Qxd1 Qd3 23. Qxd3 1/2-1/2